[Event "World Junior U20 Open 2018"]
[Site "Gebze"]
[Date "2018.09.12"]
[Round "8.28"]
[White "Asadli, Vugar"]
[Black "Can, Isik"]
[Result "0-1"]
[WhiteElo "2492"]
[BlackElo "2361"]
[Annotator "TA"]
[PlyCount "80"]
[EventDate "2018.09.05"]
[EventType "swiss"]
[EventCountry "TUR"]
[SourceTitle "playchess.com"]
[Source "ChessBase"]
[SourceQuality "1"]

{[%evp 29,80,0,0,-9,6,14,12,3,4,-19,0,-55,-65,-66,-63,-73,-56,-59,-65,-59,-62,-64,-59,-153,-172,-181,-148,-166,-148,-222,-240,-285,-208,-224,-186,-204,-192,-674,-201,-550,-546,-1295,-1275,-1163,-1145,-2403,-1768,-29979,-29980,-29980,-29980,-29980,-29981]} 1. e4 e5 2. Nf3 Nc6 3. Bb5 a6 4. Ba4 Nf6 5. O-O Be7 6. Re1 b5 7. Bb3 d6 8. c3 O-O 9. h3 Na5 10. Bc2 c5 11. d4 Qc7 12. Nbd2 cxd4 13. cxd4 Bd7 14. d5 {C99: Closed Ruy Lopez: Chigorin Defence: 11 d4 Qc7 12 Nbd2 cxd4} (14. Nf1 Rac8 15. Re2 Rfe8 16. Ng3 Bd8 17. b3 Nc6 18. Bb2 Qa7 19. d5 Nb4 20. Bb1 a5 21. a3 Na6 22. b4 Qb7 23. Qd2 axb4 24. axb4 {1-0 (39) Hou,Y (2649)-Short,N (2670) Hoogeveen 2016}) 14... Rfc8 15. Bd3 Nb7 {LiveBook: 4 Games} 16. Nb3 {The position is equal.} Nc5 $146 ({Predecessor:} 16... a5 17. Be3 a4 18. Rc1 Qd8 19. Rxc8 Rxc8 20. Na1 Nc5 21. Qb1 Nxd3 22. Qxd3 {0-1 (63) Dimitrov,P (2371)-Schachinger,M (2339) Zadar 2009}) 17. Nxc5 dxc5 18. Bg5 c4 19. Bc2 Bc5 20. b3 (20. Bxf6 $11 gxf6 21. Rf1) 20... Ne8 $1 $15 21. bxc4 f6 22. Bd2 bxc4 23. Bc3 Nd6 24. a4 Rab8 25. Qd2 {[#]} a5 $1 {[%mdl 512]} 26. Nxe5 ({White should try} 26. Re2 $15) (26. Bxa5 c3) 26... fxe5 $17 27. Bxe5 Rf8 28. Re2 Rbe8 29. Bh2 {[#]} (29. Bd4 $17 {might work better.}) 29... c3 $1 $19 30. Qe1 (30. Qxc3 Bxf2+) 30... Bc8 31. Bd3 Qa7 32. Raa2 Ba6 33. Bxa6 $2 {[#]} (33. Bxd6 Bxd6 34. Bxa6 Qxa6 35. Qxc3) 33... Qxa6 $2 (33... Bxf2+ $1 {[%mdl 512]} 34. Rxf2 Nxe4) 34. e5 $2 (34. Bxd6 {was the crucial defense.} Qxd6 35. Qxc3) 34... Qc4 {White must now prevent ...Ne4!} 35. Rac2 {[#]} Rxf2 $1 {[%mdl 512]} 36. Rxf2 Ne4 37. d6 Nxf2 38. d7 Rf8 {Black mates.} 39. Rxf2 Bxf2+ 40. Qxf2 Rxf2 {Precision: White = 35%, Black = 75%.} 0-1

[Event "World Junior U20 Open 2018"]
[Site "Gebze"]
[Date "2018.09.12"]
[Round "8.29"]
[White "Krishna Teja, N."]
[Black "Lorparizangeneh, Shahin"]
[Result "0-1"]
[WhiteElo "2356"]
[BlackElo "2491"]
[Annotator "TA"]
[PlyCount "60"]
[EventDate "2018.09.05"]
[EventType "swiss"]
[EventCountry "TUR"]
[SourceTitle "playchess.com"]
[Source "ChessBase"]
[SourceQuality "1"]

{[%evp 21,60,0,0,0,0,0,0,0,95,0,11,-26,-22,-23,-23,-70,-66,-48,-27,-157,-157,-144,-144,-164,-162,-172,-164,-189,-168,-175,-182,-175,-181,-172,-169,-324,-256,-1174,-1201,-1155,-1143]} 1. d4 Nf6 2. c4 g6 3. Nc3 d5 4. Nf3 Bg7 5. cxd5 Nxd5 6. e4 Nxc3 7. bxc3 c5 8. Be3 Bg4 9. Rc1 Qa5 10. Qd2 O-O 11. Be2 Nd7 12. d5 {D85: Exchange Grünfeld: Unusual White 7th moves and lines with 7 Nf3} c4 13. Bd4 ({Reject} 13. Bxc4 Rac8 $17) 13... Bxf3 14. Bxf3 {The position is equal.} (14. gxf3 b5 15. Bxg7 Kxg7 16. h4 f6 17. f4 Nc5 18. Qe3 Rac8 19. h5 Qb6 {0-1 (44) Yilmaz,M (2594)-Radjabov,T (2739) Reykjavik 2015}) 14... Bxd4 (14... b5 $11 {remains equal.}) 15. Qxd4 (15. cxd4 $16 Qxd2+ 16. Kxd2) 15... Qc5 $146 ({Predecessor:} 15... b5 16. O-O Qc7 17. Rfd1 Rab8 {0-1 (52) Sahil,T (2202)-Lorparizangeneh,S (2493) Paracin 2018}) 16. Qd2 b5 17. O-O Ne5 18. Bd1 e6 19. Bc2 exd5 20. exd5 (20. Qxd5 $11 {keeps the balance.} Qc7 21. Qxb5) 20... Rad8 $17 21. Rcd1 {[#]} Nd3 $1 {[%mdl 512]} 22. Bxd3 {Black must now prevent Be4.} Qxd5 23. Rfe1 cxd3 24. Kf1 Rd6 25. Re7 Rfd8 26. Rde1 {Threatens to win with Qh6.} R6d7 27. R7e5 Qc6 28. R1e4 $2 (28. R5e3 {might work better.}) 28... Rc8 29. Qh6 $2 {[#]} (29. Re1) 29... Qxe4 $1 $19 {[%mdl 512]} 30. Rxe4 d2 {Precision: White = 36%, Black = 89%.} 0-1

[Event "World Junior U20 Open 2018"]
[Site "Gebze"]
[Date "2018.09.12"]
[Round "8.30"]
[White "Murphy, Conor E"]
[Black "Sadikhov, Ulvi"]
[Result "0-1"]
[WhiteElo "2357"]
[BlackElo "2491"]
[Annotator "TA"]
[PlyCount "54"]
[EventDate "2018.09.05"]
[EventType "swiss"]
[EventCountry "TUR"]
[SourceTitle "playchess.com"]
[Source "ChessBase"]
[SourceQuality "1"]

{[%evp 11,54,42,41,44,44,33,13,-13,-11,-19,-27,-29,0,-10,0,-9,-10,-26,4,-49,6,-202,-196,-186,-187,-194,-176,-164,-136,-132,-134,-472,-470,-481,-474,-860,-849,-889,-891,-884,-884,-884,-870,-1037,-893]} 1. d4 Nf6 2. c4 g6 3. Nc3 Bg7 4. e4 d6 5. Bd3 Nbd7 6. Nge2 {E70: King's Indian: Miscellaneous lines with 4 e4, including 5 Nge2 and 5 Bd3 0-0 6 Nge2} (6. Nf3 e5 7. O-O O-O 8. h3 Nh5 9. Bg5 Bf6 10. Be3 Nf4 11. Nd5 Nxd5 12. cxd5 c6 13. dxc6 bxc6 14. Rc1 Bb7 15. Re1 Re8 {½-½ (43) Atalik,S (2544)-Stojanovic,D (2505) Kragujevac 2016 CBM 175 [Atalik,S]}) 6... c5 {LiveBook: 5 Games} 7. d5 Ne5 8. Bb1 {White is slightly better.} a6 9. b3 {[#]} b5 $1 {[%mdl 512]} 10. f4 $146 (10. cxb5 axb5) ({Predecessor:} 10. O-O bxc4 11. bxc4 O-O 12. Bd3 e6 13. Rb1 exd5 14. cxd5 Nxd3 15. Qxd3 {0-1 (35) Petran,P (2425)-Videki,S (2375) Budapest 1997}) 10... Ned7 11. Bb2 bxc4 12. bxc4 Rb8 $36 {[%mdl 2048] Black is pushing.} 13. Bc1 $1 O-O 14. Bd3 Nb6 15. h3 (15. O-O $11) 15... e6 (15... e5 $1 $15) 16. Qc2 $2 (16. O-O $11) 16... exd5 $1 $19 17. exd5 Nxc4 $1 18. Bxc4 Rb4 $1 {[%cal Rb4c4]} 19. Nd1 Bf5 {[%mdl 1024] Black has strong compensation.} 20. Bd3 Ne4 $1 {aiming for ...Qh4+.} ({Don't do} 20... Nxd5 21. Bxf5 $1 {[%mdl 512]} Bxa1 22. Be4 $11) 21. a3 $2 {[%mdl 8192] [#]} (21. O-O $17 Bxa1 22. a3) 21... Qh4+ $1 {Black is clearly winning.} 22. Kf1 {[#]} Rd4 $1 {[%mdl 512]} 23. Bxe4 (23. Nxd4 $142 Ng3+ 24. Kg1 Bxd4+ 25. Be3 Bxd3 26. Qxd3 Bxa1 27. Bf2) 23... Bxe4 24. Nxd4 Bxc2 25. Nxc2 Bxa1 26. Nxa1 Rb8 27. Nb2 Qf6 {Precision: White = 34%, Black = 73%.} 0-1

[Event "World Junior U20 Open 2018"]
[Site "Gebze"]
[Date "2018.09.12"]
[Round "8.31"]
[White "Bashirli, Nail"]
[Black "Tang, Andrew"]
[Result "0-1"]
[WhiteElo "2354"]
[BlackElo "2489"]
[Annotator "TA"]
[PlyCount "98"]
[EventDate "2018.09.05"]
[EventType "swiss"]
[EventCountry "TUR"]
[SourceTitle "playchess.com"]
[Source "ChessBase"]
[SourceQuality "1"]

{[%evp 20,98,44,28,47,29,49,17,8,17,64,47,46,38,36,49,58,22,24,21,33,16,16,16,21,-6,1,4,16,-45,-56,-63,-22,-22,-25,-27,-38,-56,-34,-137,-56,-193,-160,-199,-208,-274,-289,-289,-242,-414,-412,-483,-490,-547,-569,-590,-592,-597,-446,-467,-392,-504,-512,-503,-497,-464,-470,-600,-412,-518,-510,-533,-530,-470,-252,-277,-233,-295,0,-29981,-29980]} 1. e4 e5 2. Nf3 Nc6 3. Bb5 a6 4. Ba4 Nf6 5. O-O d6 6. Re1 Bd7 7. c3 g6 8. d4 b5 9. Bc2 Bg7 10. Nbd2 {[%cal Bb1d2,Bd2f1,Bf1g3][%mdl 32]} O-O 11. h3 {LiveBook: 16 Games. C79: Ruy Lopez: Steinitz-type lines with 3...a6 4 Ba4 Nf6 5 0-0 d6} Nh5 {[%cal Re5d4]} (11... Re8 12. a3 h6 13. Nf1 Nh5 14. Be3 Kh7 15. Qd2 Qf6 16. N1h2 Rad8 {1-0 (68) Dominguez Perez,L (2739)-Van Foreest,J (2612) chess.com INT 2017}) 12. Nf1 Qc8 13. g4 $146 {White is slightly better.} ({Predecessor:} 13. d5 Ne7 14. N3h2 f5 15. exf5 Bxf5 16. Bxf5 Qxf5 17. Ng4 Nf4 18. Ng3 Qf7 19. Bxf4 Qxf4 {0-1 (36) Kisadere,K (1831)-Ozenir,E (2349) Kahramanmaras 2018}) 13... Nf6 14. Ng3 Kh8 15. Bg5 Ng8 16. Qd2 f6 17. Be3 Nd8 18. d5 Nf7 19. b3 Ne7 20. Rac1 c5 21. c4 Qc7 22. b4 bxc4 23. bxc5 dxc5 24. Bb1 (24. Qc3 $11) 24... Nd6 $15 25. Bh6 Bxh6 26. Qxh6 Rae8 27. Qe3 Nec8 28. Qh6 Kg8 29. Qh4 ({White should play} 29. Nd2 $15) 29... Qd8 (29... Na7 $17 30. Re3 Nab5) 30. g5 (30. Qh6 $15) 30... Qe7 31. gxf6 Rxf6 32. Nd2 Qg7 {...Rf4 is the strong threat.} 33. Qg5 Bxh3 {White must now prevent ...Rf4.} 34. Qe3 $2 (34. Ne2) 34... Ref8 $19 35. f3 Nb5 36. Kh2 Bd7 37. Rxc4 Nd4 38. Kg2 Qf7 39. Rc3 Rf4 40. Rf1 Qe7 41. Bc2 h5 {[%cal Bh7h5,Bh5h4][%mdl 32]} 42. Bd1 Nd6 43. Rxc5 Nf7 44. Rc3 Ng5 45. Rh1 h4 46. Ngf1 Qf6 (46... h3+ $142 47. Kh2 {[#]} Bg4 $1 {[%mdl 512]}) 47. Nh2 Nh3 48. Nhf1 Ng5 $2 (48... Qg5+ $19 49. Kh2 Qd8) 49. Qe1 $2 {[%mdl 8192] [#]} (49. Nh2 $11) 49... Ngxf3 {Precision: White = 27%, Black = 56%.} 0-1

[Event "World Junior U20 Open 2018"]
[Site "Gebze"]
[Date "2018.09.12"]
[Round "8.32"]
[White "Hollan, Martin"]
[Black "Morozov, Nichita"]
[Result "1/2-1/2"]
[WhiteElo "2336"]
[BlackElo "2452"]
[Annotator "TA"]
[PlyCount "133"]
[EventDate "2018.09.05"]
[EventType "swiss"]
[EventCountry "TUR"]
[SourceTitle "playchess.com"]
[Source "ChessBase"]
[SourceQuality "1"]

{[%evp 9,133,3,3,2,2,7,13,-18,-20,-22,-20,-22,-27,-22,-9,-31,0,0,0,0,0,0,0,0,35,0,0,0,0,0,0,0,0,-31,-35,-56,0,-36,-24,-58,-50,-114,-110,-126,-112,-99,-63,-82,-62,-55,-75,-85,-61,-168,-170,-213,-213,-206,-206,-206,-206,-425,-252,-243,-215,-262,-178,-195,-175,-197,0,-184,0,-185,-4,-5,-5,-5,-5,-8,-8,-134,-119,-144,-163,-139,-142,-232,0,-14,-14,-31,-5,-140,-30,-30,-8,-98,-98,-98,0,-33,0,0,0,0,0,0,0,0,0,0,0,0,0,0,0,0,0,0,0,0,0,0,0,0]} 1. c4 e6 2. Nc3 Bb4 3. e4 c5 4. Nf3 (4. g3 Nc6 5. Bg2 h5 6. Nf3 d6 7. O-O Bxc3 8. dxc3 e5 9. Qd3 Bg4 10. Nh4 g6 11. Be3 Qe7 {½-½ (50) Gordievsky,D (2641)-Goganov,A (2576) Yaroslavl 2018}) 4... d6 $146 ({Predecessor:} 4... Nc6 5. d4 cxd4 6. Nxd4 Bxc3+ 7. bxc3 Qa5 8. Nb5 Nf6 9. e5 Nxe5 10. Ba3 Nc6 11. Qb3 Ne4 {½-½ (70) Poliakov,A (2173)-Korovin,M (2332) Moscow 2017}) 5. d4 Nf6 6. Bd3 {A13: English Opening: 1...e6} cxd4 7. Nxd4 Nc6 8. Nf3 Bxc3+ 9. bxc3 Qa5 10. O-O O-O 11. Rb1 Nd7 12. Rb5 Qc7 13. Rg5 f6 14. Rg3 $1 Nc5 15. Bc2 e5 16. Nh4 Rf7 17. Qh5 Be6 18. Nf5 Bxc4 19. Nh6+ (19. Rd1 {with more complications.} Rd7 20. Rh3 g6 21. Rg3 Bxa2 22. Qh4) 19... Kh8 $1 20. Nxf7+ Bxf7 21. Qf3 Bxa2 22. h4 b5 (22... Bc4 $15 23. Rd1 Rf8) 23. h5 {With the idea h6.} (23. Bh6 $5 Rg8 24. Rxg7 Rxg7 25. Qxf6 $11) 23... Qe7 24. Rd1 a5 {[%cal Ba7a5,Ba5a4,Ba4a3,Ba3a2][%mdl 32]} 25. Be3 (25. Qe2 $15 Bc4 26. Qg4) 25... a4 $17 26. Qe2 Bc4 27. Qd2 a3 {Threatens to win with ...a2.} (27... Rd8 {keeps more tension.} 28. h6 g6 29. Qc1 Na5 30. Qb2 Qc7) 28. Ra1 Nb3 29. Bxb3 $1 Bxb3 30. h6 g6 $36 {[%mdl 2048] White must now prevent ...Bc4. Black is more active.} 31. f4 ({White has to play} 31. Rxa3 $1 $15 Rxa3 32. Qb2) 31... a2 $19 32. fxe5 Nxe5 ({Don't play} 32... dxe5 33. Qf2 $15) 33. Bd4 Bc4 34. Qf2 Kg8 35. Bxe5 $2 (35. Rh3 {keeps fighting.}) 35... dxe5 (35... fxe5 $2 36. Rf3 $19) (35... Qxe5 $142 36. Qe1 f5) 36. Rf3 Kf7 37. Qb6 Rd8 38. Rf2 Rd6 39. Qb8 Rd8 40. Qb6 Rd6 41. Qb8 $1 {intending Qh8.} Qd8 $2 (41... g5 $1 $19 {aiming for ...Qd8.} 42. Rfxa2 Bxa2 43. Rxa2 Rd1+ 44. Kh2 Kg6 45. Qxb5 Qf7) 42. Qa7+ $1 $11 Qd7 43. Rfxa2 Bxa2 44. Qxa2+ {[%mdl 4096] Endgame KQR-KQR} Qe6 45. Qa8 (45. Qe2 $11) 45... g5 $1 $17 46. Qh8 Kg6 47. Qg7+ Kh5 48. Rf1 {[#]} (48. Qxh7 $17 Rd2 49. Qf5 Qxf5 50. exf5) 48... Rd7 $2 (48... Qg4 $1 $19 49. Qf7+ Kh4 50. Rxf6 Rd3) 49. Qxf6 Qxf6 50. Rxf6 $11 {KR-KR} Kh4 51. Kh2 (51. Rf5 $11) 51... Kg4 (51... Rd2 $17 52. Rf7 g4) 52. Rf5 Re7 53. Rf6 (53. Kg1 $11 {remains equal.}) 53... Rc7 $17 54. Rf5 {[#]} Re7 (54... Rc5 $1 $17 55. Kg1 Rxc3 56. Rxe5 b4) 55. Rf6 $15 Kh4 56. Rb6 {The position is equal.} g4 57. g3+ Kg5 58. Rxb5 Kxh6 59. c4 Kg5 60. c5 Rc7 61. c6 Rxc6 {Hoping for ...Kf6.} 62. Rxe5+ Kf6 63. Rf5+ Kg6 64. Re5 Rc2+ 65. Kg1 h5 66. Re6+ Kg5 67. Re5+ {Precision: White = 49%, Black = 59%.} 1/2-1/2

[Event "World Junior U20 Open 2018"]
[Site "Gebze"]
[Date "2018.09.12"]
[Round "8.33"]
[White "Milosevic, Milos"]
[Black "Mohammad Nubairshah Shaikh"]
[Result "0-1"]
[WhiteElo "2292"]
[BlackElo "2443"]
[Annotator "TA"]
[PlyCount "128"]
[EventDate "2018.09.05"]
[EventType "swiss"]
[EventCountry "TUR"]
[SourceTitle "playchess.com"]
[Source "ChessBase"]
[SourceQuality "1"]

{[%evp 19,128,0,0,0,0,0,0,0,0,0,0,0,0,0,0,-8,-8,-10,0,-2,0,-19,-21,-91,-102,-85,-90,-60,-66,-60,-6,-7,-7,-11,-15,-22,-18,-35,-33,-35,-35,-35,-35,-36,-30,-65,-34,-36,-36,-36,-42,-182,-182,-203,-203,-203,-181,-236,-235,-233,-220,-279,-279,-437,-327,-1404,-2211,-29956,-29959,-12810,-6187,-29961,-29962,-29963,-29963,-29963,-29962,-29963,-29965,-29964,-29966,-29963,-29965,-29956,-29962,-29965,-29967,-29969,-29968,-29969,-29969,-29969,-29969,-29969,-29970,-29968,-29967,-29957,-29967,-29983,-29983,-29983,-29984,-29985,-29986,-29991,-29992,-29995,-29996,-29996,-449]} 1. e4 c6 2. c4 {[%cal Bc2c4,Bc4d5][%mdl 32]} d5 3. exd5 cxd5 4. cxd5 Nf6 5. Bb5+ Nbd7 6. Nc3 a6 7. Bxd7+ Qxd7 8. Nf3 Nxd5 {B10: Caro-Kann: 2 d3 and 2 c4} 9. O-O Nxc3 10. bxc3 e6 {LiveBook: 3 Games. The position is equal.} 11. Ne5 Qc7 12. d4 Bd6 13. Ba3 Bxa3 14. Qa4+ b5 15. Qxa3 Bb7 16. Rfe1 {[#]} (16. Nd3 {is more complex.} Bd5 17. Rfe1 Qe7 18. Qc5 f6 19. a4) 16... Qe7 $146 {[%mdl 2048] Black is pushing.} 17. Qxe7+ (17. Qb2 {keeps more tension.} O-O 18. a4 Qc7 19. Rec1 Rfb8 20. f3) 17... Kxe7 18. Nd3 Bd5 19. a4 Rhb8 20. axb5 axb5 21. Nc5 (21. f3 $11 {keeps the balance.}) 21... Rxa1 $17 22. Rxa1 {[%mdl 4096] Endgame KRB-KRN} b4 $1 {[%cal Rb4c3]} 23. Rb1 b3 {...b2 is the strong threat.} 24. f3 {[#]} b2 (24... e5 $1 $15 {[%mdl 512]}) 25. Nd3 $11 Rb3 26. Rxb2 Rxc3 27. Nf4 Bc6 28. Rd2 g5 29. Ne2 Ra3 30. Kf2 Kd6 31. Rc2 Rd3 32. Ra2 h6 33. Ke1 Bb5 34. Rb2 Bc4 35. Rd2 (35. h4 $15) 35... Kd5 $19 36. Rxd3 Bxd3 {KB-KN} 37. Ng3 Kxd4 38. Kd2 (38. Nh5 {keeps fighting.}) 38... e5 39. Nh5 e4 40. fxe4 Bxe4 41. g4 (41. g3 $142) 41... Bf3 $1 42. h3 $2 (42. Nf6) 42... Bg2 (42... Ke5 $142 43. Ng3 Bg2) 43. Ng3 Bxh3 44. Nf5+ Ke5 45. Nxh6 {[#]} Kf6 $1 {[%cal Rf6g6] Black mates.} 46. Ke3 Kg6 47. Nf5 Bxg4 48. Ne7+ Kf6 49. Nc6 Bd7 50. Nd4 Ke5 51. Nf3+ {[#]} Kf5 $1 52. Nd4+ Kg4 53. Kf2 Be6 54. Ne2 Bd5 55. Nc3 Bc6 56. Ne2 f5 {[%cal Bf7f5,Bf5f4][%mdl 32]} 57. Nd4 Bd5 58. Ne2 Bc4 59. Ng3 Bd3 60. Nh1 f4 61. Kg1 Kf3 62. Kh2 g4 63. Kg1 g3 64. Nxg3 Kxg3 {Precision: White = 52%, Black = 84%.} 0-1

[Event "World Junior U20 Open 2018"]
[Site "Gebze"]
[Date "2018.09.12"]
[Round "8.34"]
[White "Haria, Ravi"]
[Black "Schitco, Ivan"]
[Result "1/2-1/2"]
[WhiteElo "2442"]
[BlackElo "2358"]
[Annotator "TA"]
[PlyCount "113"]
[EventDate "2018.09.05"]
[EventType "swiss"]
[EventCountry "TUR"]
[SourceTitle "playchess.com"]
[Source "ChessBase"]
[SourceQuality "1"]

{[%evp 18,113,46,45,44,31,29,21,27,25,17,11,31,21,21,16,35,28,36,20,23,23,39,38,47,47,47,47,54,47,52,39,31,0,0,0,0,0,0,0,214,218,255,0,0,-30,0,0,0,0,0,0,0,0,0,0,0,0,0,0,0,0,0,0,28,0,0,0,0,0,0,0,0,0,0,0,120,120,272,210,206,190,189,191,166,0,0,0,0,0,0,0,0,0,0,0,0,0]} 1. e4 c6 2. d4 d5 3. Nd2 dxe4 4. Nxe4 Nf6 5. Nxf6+ exf6 6. c3 Bd6 7. Bd3 O-O 8. Ne2 Re8 9. Qc2 Kh8 10. O-O Nd7 {B15: Caro-Kann: 3 Nc3: 3...g6 and 3...dxe4 4 Nxe4 Nf6 5 Nxf6+ exf6} (10... Qc7 11. h3 g6 12. Bh6 c5 13. Rfe1 Be6 14. Be4 Na6 15. d5 Bd7 16. b3 Re7 17. Rad1 Rae8 18. Bd3 {1-0 (34) Nguyen,T (2539)-Lyell,M (2297) Budapest 2018}) 11. Bf4 Nf8 12. Bg3 Bg4 13. Rfe1 Ng6 $146 ({Predecessor:} 13... Bxe2 14. Bxe2 Bxg3 15. hxg3 Qd7 16. Bf3 g6 17. Qb3 Ne6 18. d5 {1-0 (43) Kroeze,F (2402)-Bauer,R (2293) Germany 2004}) 14. a4 Re7 15. a5 Bxg3 16. hxg3 Qc7 17. f3 Be6 18. b4 Rae8 19. Qd2 h6 20. Kf2 Kg8 21. Nf4 Nxf4 22. Qxf4 Qxf4 23. gxf4 f5 24. a6 b6 $1 25. b5 cxb5 26. Bxb5 Rd8 27. Rad1 Rc7 28. Re3 {aiming for c4!} g6 $2 {[#]} (28... Kf8 $11 {and Black is okay.}) 29. c4 $1 $18 {[%mdl 512]} Kf8 (29... Bxc4 30. Rc3) 30. Rc3 $2 (30. d5 $18) 30... Bd7 $11 {Threatens to win with ...Bxb5.} 31. Bxd7 Rdxd7 {[%mdl 4096] Endgame KRR-KRR} (31... Rcxd7 {feels hotter.} 32. d5 h5 33. c5 bxc5 34. Rxc5 Rd6) 32. Ke3 h5 33. Rb1 Rd5 34. Ra1 Ke7 35. Kd3 Rd8 36. Re1+ Kd6 37. Re5 Rdc8 38. Rd5+ Ke6 39. Re5+ Kd6 40. Rc1 Rc6 41. Rb5 R8c7 42. Rd5+ Ke7 43. Re1+ Kf6 44. Rc1 Ke7 45. Rc2 Re6 46. Re5 Kd7 (46... Kf6 $1 $11 {remains equal.}) 47. Rce2 $16 Kd6 $2 {[#]} (47... Rec6 $16) 48. d5 $1 $18 {[%cal Rd5e6]} Ree7 {[#]} 49. Kd4 $1 Rcd7 50. g3 Rc7 51. Rc2 $2 ({White should try} 51. R2e3 $18) 51... Rc5 $11 {The position is equal.} 52. Rxe7 $1 Kxe7 53. Re2+ Kd7 54. Ke5 {Black must now prevent Kf6.} Ke7 $1 55. Kd4+ Kd7 56. Ke5 {And now Kf6 would win.} Ke7 $1 57. Kd4+ {Precision: White = 71%, Black = 57%.} 1/2-1/2

[Event "World Junior U20 Open 2018"]
[Site "Gebze"]
[Date "2018.09.12"]
[Round "8.35"]
[White "Ozen, Deniz"]
[Black "Nyambileg, Erdene-Ochir"]
[Result "1/2-1/2"]
[WhiteElo "2431"]
[BlackElo "1798"]
[Annotator "TA"]
[PlyCount "61"]
[EventDate "2018.09.05"]
[EventType "swiss"]
[EventCountry "TUR"]
[SourceTitle "playchess.com"]
[Source "ChessBase"]
[SourceQuality "1"]

{[%evp 18,61,12,18,20,-7,-7,-7,8,0,0,-7,-7,-12,-13,-12,-1,-20,0,0,0,0,0,0,7,4,4,4,9,9,26,22,23,-12,18,0,20,22,32,13,7,14,33,28,64,64]} 1. e4 e5 2. Nf3 Nc6 3. Bb5 {[%cal Bf1b5,Bb5a4,Ba4b3][%mdl 32]} a6 4. Ba4 Nf6 5. O-O b5 6. Bb3 Bb7 7. Re1 Bc5 8. c3 O-O 9. d4 Bb6 10. Bg5 d6 {C78: Ruy Lopez: Archangelsk and Möller Defences} (10... h6 11. Bh4 d6 12. a4 g5 13. Nxg5 hxg5 14. Bxg5 exd4 15. cxd4 Nxd4 16. Bd5 Ne6 17. Bh4 c6 18. Qf3 Bd4 19. e5 Nxd5 20. Qg4+ {1-0 (29) Sutovsky,E (2620)-Bosiocic,M (2607) Austria 2016}) 11. dxe5 Nxe5 12. Nxe5 dxe5 {The position is equal.} 13. Qf3 $146 ({Predecessor:} 13. Qxd8 Raxd8 14. Bxf6 gxf6 15. a4 Rd7 16. axb5 axb5 17. Kf1 Rfd8 18. f3 {0-1 (30) Wojciuk,S-Szczepaniak,A Poland 1996}) 13... h6 14. Bxf6 Qxf6 15. Qxf6 gxf6 16. Nd2 Rad8 17. Nf1 Rd6 (17... Kg7 {seems wilder.} 18. Bc2 Kg6 19. Red1 Bc8 20. a4 Be6) 18. Rad1 Rfd8 19. Rxd6 Rxd6 20. Bc2 Kf8 21. Re2 Bc8 22. Rd2 Rxd2 23. Nxd2 $11 {[%mdl 4096] Endgame KBB-KBN} Ke7 24. Kf1 Be6 25. Bb3 Bd7 26. Bc2 Be6 27. a3 c5 28. Ke2 c4 29. Nf1 Bc5 30. Ng3 a5 31. Nf5+ {Precision: White = 66%, Black = 34%.} 1/2-1/2

[Event "World Junior U20 Open 2018"]
[Site "Gebze"]
[Date "2018.09.12"]
[Round "8.36"]
[White "Nogerbek, Kazybek"]
[Black "Martinez Alcantara, Jose Eduardo"]
[Result "0-1"]
[WhiteElo "2261"]
[BlackElo "2565"]
[Annotator "TA"]
[PlyCount "126"]
[EventDate "2018.09.05"]
[EventType "swiss"]
[EventCountry "TUR"]
[SourceTitle "playchess.com"]
[Source "ChessBase"]
[SourceQuality "1"]

{[%evp 10,126,34,28,33,33,39,25,40,30,25,26,30,30,29,27,37,32,29,33,33,15,35,22,37,12,30,17,29,14,29,-7,51,41,48,-15,34,25,30,24,45,0,31,36,35,35,51,0,43,34,26,9,27,36,33,15,18,14,27,13,26,0,0,-61,16,0,0,-43,0,0,-52,-8,37,0,21,0,0,0,0,0,0,0,0,0,0,-79,-73,-47,-72,-160,-147,-381,-95,-85,-71,-354,-353,-746,-477,-863,-862,-843,-1250,-1043,-820,-1227,-1226,-1218,-1218,-1151,-1088,-1175,-1175,-1046,-1041,-7413,-7246,-6091,-5995]} 1. d4 Nf6 2. c4 e6 3. Nf3 Bb4+ 4. Nbd2 O-O 5. a3 Be7 6. e4 d6 {E11: Bogo-Indian} (6... d5 7. e5 Nfd7 8. Bd3 c5 9. O-O Nc6 10. Re1 a5 11. Qc2 h6 12. Nb3 dxc4 13. Bxc4 cxd4 14. Qe4 a4 15. Bxh6 axb3 16. Bxg7 Kxg7 17. Qg4+ Kh8 18. Qh5+ Kg7 19. Qg4+ Kh8 20. Qh5+ Kg7 21. Qg4+ {½-½ (21) Vitiugov,N (2740)-Tomashevsky,E (2714) Sochi 2018}) 7. Be2 Nbd7 8. O-O e5 {White has an edge.} 9. b4 a5 10. Bb2 exd4 11. Nxd4 Re8 12. f3 Bf8 $146 ({Predecessor:} 12... c6 13. Bc3 axb4 14. axb4 Rxa1 15. Qxa1 {½-½ (57) Hoppe,F (2272)-Ries,B (2297) GER email 2016}) 13. N2b3 axb4 14. axb4 Rxa1 15. Qxa1 c6 16. Bc3 g6 17. b5 c5 18. Nc2 h5 19. Qe1 Qe7 20. Qg3 Bh6 ({Better is} 20... d5 $11) 21. Bd2 Bg7 22. Bf4 (22. Bg5 $14) 22... Ne5 (22... d5 $5) 23. Ne3 b6 24. Ra1 Bb7 25. Qe1 Qc7 {next ...d5! is good for Black.} (25... Neg4 $5 {[%cal Rg4e3]} 26. Ra7 (26. fxg4 Qxe4 27. Qf2 Nxg4 $11) 26... Nxe3 $14) 26. Qd2 Qe7 27. Ra7 Qc7 28. Ra1 (28. Nc1 $14) 28... Nh7 29. Rd1 Rd8 30. Nc1 Nf8 31. Bg5 Rd7 32. Nd5 Bxd5 $1 33. exd5 Nh7 34. Be3 Re7 35. Na2 Qa7 36. Nc3 (36. Bf2 $11) 36... f5 (36... Qa3 $1 $15 37. Ne4 Ng4 38. fxg4 Rxe4) 37. Bf2 Qa3 38. Rc1 Nf7 {And now ...Bxc3 would win.} 39. Bf1 Bh6 40. f4 Bg7 41. Nb1 Qa7 42. h3 Nf6 43. Nc3 Ne4 $36 {[%mdl 2048] Black is pushing.} 44. Nxe4 fxe4 45. Re1 {aiming for Qc2.} Qd7 46. Qc2 Qf5 47. Be3 (47. Qd2 $11 {remains equal.}) 47... Nh6 $17 {[%cal Bf7h6,Bh6f5,Bf5d4][%mdl 32]} 48. g3 Qf7 49. Bg2 {[#]} (49. Bf2 $142 Qe8 50. g4 hxg4 51. Bh4) 49... Nf5 $1 {[%cal Rf5e3]} 50. Kh2 $2 (50. Kf2 $17 {only move.}) 50... Bd4 $2 (50... h4 $19 51. Bxe4 hxg3+ 52. Kg2 Nxe3+ 53. Rxe3 Qxf4 54. Rxg3 Qxe4+ 55. Qxe4 Rxe4 56. Rxg6 Kf7 57. Rxd6 Rxc4 58. Rxb6 Rb4) 51. Bxd4 Nxd4 52. Qb1 $2 {[%mdl 8192]} (52. Qc3 $17) 52... e3 $19 {[%cal Be4e3,Be3e2][%mdl 32]} 53. Qd3 $2 (53. h4 e2 54. Bh3) 53... e2 {Black is clearly winning.} 54. Kg1 {[#]} (54. Be4 $142 Kh7 55. Bf3) 54... h4 $1 {[%mdl 512]} 55. gxh4 Qxf4 56. Qxg6+ Kf8 57. Qh5 Qg3 58. Qh8+ Kf7 {( -> ...Nf3+)} 59. Qh5+ Kg7 60. Qg4+ Qxg4 61. hxg4 Nc2 62. Kf2 Nxe1 63. Kxe1 Re3 {Precision: White = 35%, Black = 59%.} 0-1